000 00399nam a22001457a 4500
003 OSt
020 _a0131855182
040 _c0
082 _222
_a005.1
100 _aNagel, William.
245 _aSubversion version control :
_busing the subversion version control system in development projects /
260 _aCanada,
_bPrentice Hall,
_cc2005.
300 _axxii, 343 p. ;
_bill. ;
942 _2ddc
_cIT
999 _c4527
_d4527